000 01014nam a2200217Ia 4500
999 _c40317
_d40317
001 6925
003 GE_BSU
005 20200206115944.0
008 181216s19 ||||ge |||||||||||||| ||geo||
040 _cGE_BSU
041 _ageo
080 _a821.353.1.09 გ-85
100 _aგრიშაშვილი, იოსებ.
_96813
245 _aთხზულებანი 5 ტომად ტომი 5 :
_bნარკვევები, წერილები, მოგონებები, სიტყვები /
_cიოსებ გრიშაშვილი ; ტომის რედ. გიორგი ციციშვილი.
250 _aმეორე გამოცემა
264 _aთბილისი :
_bსაბჭ.საქართველო,
_c1985.
300 _a314 გვ. ;
_c21 სმ.
653 _aთხზულებანი
700 _aციციშვილი, გიორგი
_eრედაქტორი
_96830
942 _cBK
_2udc